[Event "XV Open"]
[Site "Crema ITA"]
[Date "2013.09.01"]
[Round "6"]
[White "Guasconi, Lelio"]
[Black "Tahiraj, Almir"]
[WhiteElo "1595"]
[BlackElo "1831"]
[Result "0-1"]
[PlyCount "98"]
[EventDate "2013.08.30"]

1. d4 d5 2. c4 e6 3. Nc3 Nf6 4. a3 Be7 5. e3 O-O 6. Nf3 Nbd7 7. cxd5 exd5 8.
Bd3 c6 9. O-O Bd6 10. h3 Re8 11. Qc2 Nf8 12. e4 dxe4 13. Nxe4 Nxe4 14. Bxe4 Be7
15. b4 Be6 16. Bb2 Bd5 17. Rfe1 Bf6 18. Rad1 h6 19. Rd2 Ne6 20. Rde2 Qd6 21.
Ne5 Nf4 22. Re3 a5 23. Nf3 Bxe4 24. Rxe4 Rxe4 25. Qxe4 axb4 26. axb4 Qxb4 27.
Bc1 Ne6 28. Bd2 Qd6 29. Rb1 Qd7 30. Be3 Rd8 31. Rb4 Ra8 32. Qb1 b5 33. Qe4 Qd6
34. Rb1 b4 35. Ne5 Rc8 36. Rc1 c5 37. Nc4 Qc7 38. d5 Nd4 39. Kh1 b3 40. d6 Qd8
41. Bf4 Ra8 42. d7 Ra7 43. Qe8+ Kh7 44. Qe4+ g6 45. Nb6 Qxb6 46. Qe8 Qe6 47.
d8=Q Bxd8 48. Qxd8 b2 49. Bxh6 bxc1=Q+ 0-1

[Event "XV Open"]
[Site "Crema ITA"]
[Date "2013.09.01"]
[Round "6"]
[White "Guzzetti, Luigi Enrico"]
[Black "Motola, Jacopo"]
[WhiteElo "1873"]
[BlackElo "2039"]
[Result "1/2-1/2"]
[PlyCount "90"]
[EventDate "2013.08.30"]

1. e4 e5 2. Nf3 Nc6 3. Bb5 Nf6 4. O-O Nxe4 5. Re1 Nd6 6. Bxc6 dxc6 7. Nxe5 Be7
8. d4 O-O 9. Bf4 Be6 10. Nd2 Nf5 11. c3 c5 12. dxc5 Bxc5 13. Ne4 Qxd1 14. Rexd1
Be7 15. Nf3 Rfd8 16. b3 c5 17. c4 Nd4 18. Nxd4 cxd4 19. c5 Rd5 20. b4 d3 21.
Bd6 Bd8 22. Rab1 Rd4 23. Nc3 Rc4 24. Nb5 Rc8 25. Bg3 Rc2 26. Nd4 Bxa2 27. Ra1
Bf6 28. Rxd3 Rc4 29. h3 Bxd4 30. Rxa2 Rxb4 31. Rxa7 Bxc5 32. Ra1 h6 33. Rd7 b5
34. Rb7 Bd4 35. Rd1 Rcc4 36. Re1 Rc8 37. Ree7 Rb1+ 38. Kh2 Rf8 39. Red7 Bf6 40.
Rd5 b4 41. Rdb5 Bc3 42. Bd6 Re8 43. Bxb4 Bxb4 44. Rxb4 Rxb4 45. Rxb4 g6 1/2-1/2

[Event "XV Open"]
[Site "Crema ITA"]
[Date "2013.09.01"]
[Round "6"]
[White "Losi, Paolo"]
[Black "Colombo, Luca"]
[WhiteElo "1728"]
[BlackElo "1879"]
[Result "1-0"]
[PlyCount "129"]
[EventDate "2013.08.30"]

1. d4 Nf6 2. Nf3 g6 3. c4 Bg7 4. Nc3 O-O 5. Bf4 d6 6. e3 Nh5 7. Bg3 Nxg3 8.
hxg3 Bg4 9. Qc2 Bxf3 10. gxf3 e5 11. d5 a5 12. Bd3 Nd7 13. Rh2 Nc5 14. O-O-O f5
15. Rdh1 h6 16. g4 Nxd3+ 17. Qxd3 Qf6 18. Kc2 Kf7 19. Rg2 Ke7 20. Rhg1 Rf7 21.
gxf5 g5 22. e4 Kf8 23. a4 Qd8 24. Rd1 Rd7 25. Rh1 c6 26. Qe3 Kf7 27. Rgh2 Qe7
28. b3 Rc7 29. Qd2 b5 30. axb5 cxb5 31. Nxb5 Rc5 32. Nc3 Qb7 33. Rb1 Rb8 34.
Rhh1 Kf6 35. Rb2 Rxc4 36. bxc4 Qxb2+ 37. Kd3 Qa3 38. Qa2 Qxa2 39. Nxa2 Rb2 40.
Nc3 Rxf2 41. Ke3 Rb2 42. Ra1 h5 43. Rxa5 h4 44. Ra1 Bh6 45. Kd3 g4 46. c5 dxc5
47. fxg4 h3 48. Rh1 h2 49. Kc4 Bf4 50. d6 Rg2 51. Nd5+ Kf7 52. Nxf4 exf4 53.
Kxc5 f3 54. e5 f2 55. e6+ Ke8 56. Ra1 Kf8 57. f6 Kg8 58. f7+ Kg7 59. e7 Kxf7
60. Ra8 Kf6 61. Rf8+ Kg5 62. e8=Q Rxg4 63. Qe5+ Kh6 64. Qf6+ Rg6 65. Rh8# 1-0

[Event "XV Open"]
[Site "Crema ITA"]
[Date "2013.09.01"]
[Round "6"]
[White "Maraschi, Alberto"]
[Black "Ciochetta, Giovanni"]
[WhiteElo "1339"]
[BlackElo "1549"]
[Result "0-1"]
[PlyCount "94"]
[EventDate "2013.08.30"]

1. e4 e5 2. Nf3 d6 3. Bc4 Be7 4. d4 exd4 5. Nxd4 Nf6 6. Nc3 O-O 7. O-O a6 8.
Bg5 c6 9. Re1 b5 10. Bb3 c5 11. e5 dxe5 12. Bxf6 Bxf6 13. Bd5 Ra7 14. Nc6 Nxc6
15. Bxc6 Qxd1 16. Rexd1 Rc7 17. Be4 Bb7 18. Nd5 Bxd5 19. Bxd5 Rd8 20. Bxf7+
Kxf7 21. Rdc1 Rd2 22. c4 b4 23. Rab1 Rcd7 24. g3 R7d4 25. b3 Rxa2 26. Kg2 Rdd2
27. Rf1 e4 28. Kg1 e3 29. Kg2 Rxf2+ 30. Kh3 Rxh2+ 31. Kg4 h5+ 32. Kf5 Rhf2+ 33.
Ke4 Rxf1 34. Rxf1 Rf2 35. Re1 Bd4 36. Kd5 e2 37. Kc6 Bc3 38. Rh1 g6 39. g4 Rf1
40. Rh2 e1=Q 41. gxh5 Rf6+ 42. Kd5 Rf5+ 43. Kc6 Qe6+ 44. Kb7 gxh5 45. Ra2 Kg7
46. Rg2+ Kh7 47. Kc7 Rf7+ 0-1

[Event "XV Open"]
[Site "Crema ITA"]
[Date "2013.09.01"]
[Round "6"]
[White "Marzatico, Luca"]
[Black "Takahashi, Saera"]
[WhiteElo "1713"]
[BlackElo "1516"]
[Result "1-0"]
[PlyCount "99"]
[EventDate "2013.08.30"]

1. e4 c5 2. b4 d6 3. Nf3 Nd7 4. Bb5 e6 5. bxc5 dxc5 6. O-O a6 7. Be2 Bd6 8. Bb2
e5 9. Nc3 Ngf6 10. d3 O-O 11. Bc1 Re8 12. Bg5 b5 13. Nd5 Bb7 14. Ne3 h6 15. Bh4
Be7 16. Nf5 Bf8 17. Qd2 Qb6 18. Rab1 c4 19. Kh1 Rac8 20. Rg1 Ng4 21. h3 Nxf2+
22. Bxf2 Qxf2 23. Rbf1 Qb6 24. g4 cxd3 25. cxd3 f6 26. h4 Rc6 27. a3 Rec8 28.
Qa2+ Kh8 29. Bd1 Rc3 30. h5 Rxd3 31. Qf7 Nc5 32. Bc2 Rd7 33. Qg6 Bxe4 34. Bxe4
Nxe4 35. Nxe5 Qb7 36. Nf3 Ng5 37. N5h4 Rd2 38. Qf5 Nh3 39. Ng2 Nf2+ 40. Kh2
Bd6+ 41. Nf4 Nxg4+ 42. Kh3 Nf2+ 43. Rxf2 Rxf2 44. Ng6+ Kh7 45. Ne7+ Kh8 46.
Ng6+ Kh7 47. Ngh4+ Kh8 48. Ng6+ Kh7 49. Nf8+ Kh8 50. Qh7# 1-0

[Event "XV Open"]
[Site "Crema ITA"]
[Date "2013.09.01"]
[Round "6"]
[White "Menato, Nazario"]
[Black "Vecchio, Paolo L."]
[WhiteElo "1542"]
[BlackElo "1435"]
[Result "1/2-1/2"]
[PlyCount "60"]
[EventDate "2013.08.30"]

1. Nf3 Nf6 2. c4 c5 3. b3 g6 4. Bb2 Bg7 5. d3 O-O 6. e4 d6 7. Be2 Bg4 8. Nbd2
e5 9. O-O Nc6 10. h3 Bxf3 11. Nxf3 Re8 12. Nh2 Nd4 13. Bxd4 cxd4 14. f4 h6 15.
f5 g5 16. b4 a5 17. b5 b6 18. a4 Rc8 19. Rc1 Kf8 20. Ng4 Rc7 21. Nxf6 Qxf6 22.
Bh5 Ke7 23. Qb3 Rc5 24. Rc2 Kd7 25. Rfc1 Rf8 26. Rf1 Kc7 27. Rf3 Kb7 28. Rg3
Rh8 29. Rg4 Bf8 30. Qb2 Ka7 1/2-1/2

[Event "XV Open"]
[Site "Crema ITA"]
[Date "2013.09.01"]
[Round "6"]
[White "Palma, Maria"]
[Black "Impellizzeri, Francesco"]
[WhiteElo "1646"]
[BlackElo "1872"]
[Result "1/2-1/2"]
[PlyCount "70"]
[EventDate "2013.08.30"]

1. e4 e6 2. d4 d5 3. Nc3 Be7 4. e5 Nc6 5. Be3 Bd7 6. a3 f6 7. f4 Nh6 8. Nf3 O-O
9. Be2 fxe5 10. fxe5 Nf5 11. Bf2 Nh4 12. O-O Nxf3+ 13. Bxf3 Bg5 14. Qe2 Ne7 15.
Rad1 Nf5 16. Bg4 Qe7 17. Bxf5 Rxf5 18. Be3 Raf8 19. Rxf5 Rxf5 20. Rf1 Rxf1+ 21.
Kxf1 h6 22. Qd2 Qf7+ 23. Kg1 Be7 24. Bg5 Bf8 25. Qd3 Qh5 26. Be3 Bc8 27. Qf1 c5
28. Qe2 Qf5 29. g4 Qf7 30. dxc5 Qc7 31. Bd4 Bxc5 32. Bxc5 Qxc5+ 33. Qf2 Qc4 34.
h3 Qc7 35. Qe2 Qb6+ 1/2-1/2

[Event "XV Open"]
[Site "Crema ITA"]
[Date "2013.09.01"]
[Round "6"]
[White "Poletti, Guido"]
[Black "Marchesotti, Giovanni"]
[WhiteElo "1311"]
[BlackElo "1540"]
[Result "1/2-1/2"]
[PlyCount "52"]
[EventDate "2013.08.30"]

1. Nf3 c5 2. c4 e6 3. Nc3 Nf6 4. g3 Nc6 5. Bg2 d5 6. cxd5 exd5 7. d4 c4 8. O-O
Be7 9. Ne5 O-O 10. Nxc6 bxc6 11. e4 dxe4 12. Nxe4 Nxe4 13. Bxe4 Bh3 14. Bxc6
Bxf1 15. Bxa8 Bd3 16. Bg2 Qxd4 17. Bf1 Rd8 18. Bxd3 cxd3 19. Qe1 Bb4 20. Bd2
Bxd2 21. Qxd2 Rb8 22. Qc3 Qxc3 23. bxc3 Rc8 24. Rc1 d2 25. Rd1 Rxc3 26. Rxd2
Kf8 1/2-1/2

[Event "XV Open"]
[Site "Crema ITA"]
[Date "2013.09.01"]
[Round "6"]
[White "Poletto, Daniele"]
[Black "Bini, Massimo"]
[WhiteElo "1744"]
[BlackElo "2036"]
[Result "0-1"]
[PlyCount "83"]
[EventDate "2013.08.30"]

1. c4 c6 2. Nf3 d5 3. b3 Bf5 4. g3 e6 5. Bb2 h6 6. Bg2 Nf6 7. O-O Be7 8. d3 O-O
9. Nbd2 Bh7 10. Rc1 a5 11. a3 Qb6 12. cxd5 exd5 13. Rc2 Re8 14. Qa1 Nbd7 15.
Ne5 Bf8 16. Nxd7 Nxd7 17. Bf3 Qd8 18. Rcc1 Nc5 19. d4 Ne4 20. Nxe4 Bxe4 21.
Bxe4 Rxe4 22. Rc2 h5 23. Qe1 Bd6 24. b4 axb4 25. axb4 Qb6 26. Bc3 h4 27. f3 Re6
28. gxh4 Rae8 29. Kh1 Bf4 30. Rg1 Be3 31. Rg2 Bxd4 32. Bxd4 Qxd4 33. Qg1 Qf6
34. h5 Ra8 35. Qb6 Ra1+ 36. Rg1 Rxg1+ 37. Qxg1 Qf5 38. Ra2 Qxh5 39. Ra8+ Kh7
40. Ra7 Rxe2 41. Qb1+ g6 42. Qxg6+ 0-1

[Event "XV Open"]
[Site "Crema ITA"]
[Date "2013.09.01"]
[Round "6"]
[White "Raimondi, Celso"]
[Black "Maffeis, Fabio"]
[WhiteElo "1670"]
[BlackElo "1446"]
[Result "1-0"]
[PlyCount "59"]
[EventDate "2013.08.30"]

1. d4 d5 2. c4 e6 3. Nc3 Nf6 4. Nf3 Nbd7 5. Bg5 Be7 6. e3 b6 7. cxd5 exd5 8.
Bd3 Bb7 9. Rc1 Rc8 10. O-O O-O 11. Bb1 c5 12. Re1 Ne4 13. Bxe7 Qxe7 14. Qc2
Ndf6 15. Nd2 Qd6 16. Ndxe4 dxe4 17. dxc5 Rxc5 18. Red1 Qc7 19. Qd2 Ng4 20. Qd6
Rc8 21. Qxc7 R5xc7 22. Rd4 f5 23. Rcd1 Ne5 24. Nb5 Nc6 25. R4d2 Re7 26. a3 Ba6
27. Nd6 Rd8 28. Nxf5 Rxd2 29. Nxe7+ Nxe7 30. Rxd2 1-0

[Event "XV Open"]
[Site "Crema ITA"]
[Date "2013.09.01"]
[Round "6"]
[White "Ranfagni, Stefano"]
[Black "Dragojlovic, Andjelko"]
[WhiteElo "2038"]
[BlackElo "2349"]
[Result "0-1"]
[PlyCount "100"]
[EventDate "2013.08.30"]

1. e4 c5 2. Nc3 g6 3. f4 Bg7 4. Nf3 a6 5. a4 Nc6 6. Bc4 e6 7. d3 Nge7 8. e5 d5
9. exd6 Qxd6 10. Ne4 Qc7 11. O-O b6 12. c3 Bb7 13. Qe2 O-O 14. Nfg5 Nd5 15. Ng3
Rac8 16. Bd2 h6 17. Nh3 Rcd8 18. Rad1 Rfe8 19. Bc1 Na5 20. Ba2 Bc6 21. Qg4 Bxa4
22. Rde1 Bb3 23. Bb1 Ne7 24. Qh4 Nf5 25. Nxf5 exf5 26. g4 fxg4 27. Qxg4 Be6 28.
Qg3 Bf5 29. Nf2 c4 30. Rd1 b5 31. Be3 cxd3 32. Bxd3 Nc4 33. Bc1 Nd6 34. Ng4
Bxd3 35. Rxd3 Nf5 36. Rxd8 Qxd8 37. Qf2 b4 38. Ne3 Nxe3 39. Bxe3 bxc3 40. bxc3
Bxc3 41. Bb6 Qd5 42. Qg3 Bd4+ 43. Bxd4 Qxd4+ 44. Kh1 Qe4+ 45. Kg1 Qd4+ 46. Kh1
Re3 47. Qg2 Qe4 48. f5 Qxg2+ 49. Kxg2 gxf5 50. Rxf5 Ra3 0-1

[Event "XV Open"]
[Site "Crema ITA"]
[Date "2013.09.01"]
[Round "6"]
[White "Reale, Simone"]
[Black "Adami, Antonio"]
[WhiteElo "1941"]
[BlackElo "1754"]
[Result "1-0"]
[PlyCount "79"]
[EventDate "2013.08.30"]

1. e4 Nf6 2. Nc3 d5 3. exd5 Nxd5 4. Bc4 e6 5. Nf3 Be7 6. O-O O-O 7. d4 c6 8.
Re1 b6 9. Ne5 Bb7 10. Bd3 Bg5 11. Bxh7+ Kxh7 12. Qh5+ Bh6 13. Bxh6 gxh6 14.
Nxf7 Qf6 15. Ne4 Qg6 16. Neg5+ Kg7 17. Nxe6+ Kxf7 18. Qxg6+ Kxg6 19. Nxf8+ Kf7
20. Ne6 Nd7 21. c4 N5f6 22. Nf4 a5 23. a4 Re8 24. Rxe8 Nxe8 25. Re1 Ng7 26. f3
Ba6 27. b3 Bc8 28. Kf2 Nb8 29. g4 Na6 30. Nd3 Be6 31. Ne5+ Kf6 32. Nxc6 Nc7 33.
Kg3 h5 34. h3 hxg4 35. fxg4 Nce8 36. d5 Bd7 37. Rf1+ Kg5 38. h4+ Kh6 39. Ne5
Bc8 40. Rf8 1-0

[Event "XV Open"]
[Site "Crema ITA"]
[Date "2013.09.01"]
[Round "6"]
[White "Rosini, Luca Ungaro"]
[Black "Borboni, Paolo"]
[WhiteElo "1527"]
[BlackElo "1729"]
[Result "1/2-1/2"]
[PlyCount "85"]
[EventDate "2013.08.30"]

1. d4 d5 2. c4 e6 3. Nf3 Nf6 4. Bg5 Be7 5. Nc3 O-O 6. e3 c6 7. cxd5 exd5 8. Bd3
Nbd7 9. O-O Re8 10. Qc2 Nf8 11. Ne5 Ng6 12. f4 Ng4 13. Nxg4 Bxg4 14. h3 Bxg5
15. hxg4 Be7 16. g5 Bd6 17. Rae1 Nf8 18. g3 g6 19. Rf2 Ne6 20. Qd2 Qe7 21. Rh2
Nxd4 22. Kf2 Ne6 23. Reh1 Nf8 24. Rh6 Bc5 25. Nd1 Rad8 26. Kf3 f5 27. gxf6 Qxf6
28. f5 Rd7 29. Kg2 Qg5 30. fxg6 Bxe3 31. gxh7+ Kh8 32. Nxe3 Qxe3 33. Qc3+ d4
34. Qc4 Rg7 35. R6h3 Qd2+ 36. Kg1 Re1+ 37. Bf1 Qe3+ 38. Kg2 Rxh7 39. Rxh7+ Nxh7
40. Qf7 Qe4+ 41. Kg1 Qe3+ 42. Kg2 Qe4+ 43. Kg1 1/2-1/2

[Event "XV Open"]
[Site "Crema ITA"]
[Date "2013.09.01"]
[Round "6"]
[White "Sanchez, Joseph"]
[Black "Mussap, Angelo"]
[WhiteElo "2541"]
[BlackElo "2053"]
[Result "1-0"]
[PlyCount "28"]
[EventDate "2013.08.30"]

1. e4 e5 2. Nf3 Nf6 3. Nc3 Nc6 4. Bb5 Bd6 5. O-O O-O 6. d3 h6 7. a3 Ne7 8. d4
Ng6 9. Bd3 c6 10. Ne2 Bc7 11. dxe5 Ng4 12. Nc3 N6xe5 13. Nxe5 Bxe5 14. Qxg4 d5
1-0

[Event "XV Open"]
[Site "Crema ITA"]
[Date "2013.09.01"]
[Round "6"]
[White "Sartorio, Diego"]
[Black "Cervini, Ernesto"]
[WhiteElo "1896"]
[BlackElo "1721"]
[Result "1-0"]
[PlyCount "50"]
[EventDate "2013.08.30"]

1. e4 c5 2. c3 Nc6 3. d4 cxd4 4. cxd4 d6 5. Nc3 g6 6. Be3 Bg7 7. Bc4 Nf6 8.
Nge2 a6 9. f3 b5 10. Bd3 Bb7 11. Qd2 Rc8 12. Rc1 O-O 13. O-O e6 14. Rfd1 Na5
15. b3 Nc6 16. a3 b4 17. axb4 Nxb4 18. Bb1 a5 19. Na2 Nc6 20. Bd3 Nd7 21. Rc2
f5 22. Bc4 Qe7 23. Bxe6+ Kh8 24. exf5 gxf5 25. Nf4 Rf6 1-0

[Event "XV Open"]
[Site "Crema ITA"]
[Date "2013.09.01"]
[Round "6"]
[White "Sperli', Maurizio"]
[Black "Conti, Ferdinando"]
[WhiteElo "1511"]
[BlackElo "1734"]
[Result "1-0"]
[PlyCount "59"]
[EventDate "2013.08.30"]

1. e4 c5 2. d4 cxd4 3. c3 dxc3 4. Nxc3 e6 5. Nf3 Nc6 6. Bc4 a6 7. Qe2 Qc7 8.
O-O Bc5 9. e5 Nge7 10. Bf4 Ng6 11. Bg3 b5 12. Bb3 O-O 13. Ne4 Be7 14. Rac1 Bb7
15. Nd6 Bxd6 16. exd6 Qb8 17. Rfd1 Bc8 18. h4 f5 19. h5 Nh8 20. Ne5 Nxe5 21.
Qxe5 Nf7 22. Qd4 Re8 23. Be5 Nxe5 24. Qxe5 Rf8 25. Rc3 f4 26. Rh3 Rf5 27. Qxf5
a5 28. h6 gxh6 29. Rxh6 a4 30. Qxh7+ 1-0

[Event "XV Open"]
[Site "Crema ITA"]
[Date "2013.09.01"]
[Round "6"]
[White "Volpati, Antonio"]
[Black "Colonetti, Fabio"]
[WhiteElo "1609"]
[BlackElo "1434"]
[Result "1-0"]
[PlyCount "49"]
[EventDate "2013.08.30"]

1. e4 c5 2. Nf3 e6 3. d4 cxd4 4. Nxd4 Nc6 5. Nc3 a6 6. Be2 d6 7. O-O Nf6 8. f4
Qb6 9. Be3 Qxb2 10. Na4 Qb4 11. c3 Qa5 12. Nxc6 Qc7 13. Nb6 Qxc6 14. Nxa8 Qxe4
15. Bd4 Be7 16. Nc7+ Kd7 17. Na8 b5 18. Nb6+ Kc7 19. Bf3 Qg6 20. Nxc8 Rxc8 21.
Rc1 Kd8 22. Bb7 Rc4 23. Bxa6 Qf5 24. Rb1 Ra4 25. Bxb5 1-0

[Event "III Weekend"]
[Site "Morrovalle ITA"]
[Date "2013.08.16"]
[Round "1"]
[White "Agostinelli, Matteo"]
[Black "Pelagatti, Alessandro"]
[WhiteElo "1729"]
[BlackElo "2192"]
[Result "0-1"]
[PlyCount "76"]
[EventDate "2013.08.16"]

1. d4 d5 2. c4 Nc6 3. Nc3 dxc4 4. e3 e5 5. Nf3 Bg4 6. Bxc4 Nf6 7. Qb3 Bd6 8.
Nb5 O-O 9. Bd2 Bxf3 10. gxf3 exd4 11. exd4 Qe7+ 12. Qe3 Rae8 13. O-O-O a6 14.
Qxe7 Bxe7 15. Nxc7 Rc8 16. Bf4 Nh5 17. Nd5 Nxf4 18. Nxf4 Bg5 19. Kb1 Bxf4 20.
d5 Ne5 21. Be2 Rfd8 22. Rd4 Ng6 23. h4 Be5 24. Rb4 b5 25. a4 Nf4 26. Re4 Rxd5
27. axb5 axb5 28. Re1 Nxe2 29. R4xe2 Bd6 30. Re3 h5 31. Rb3 b4 32. Rbe3 Rd2 33.
R3e2 Rcc2 34. Rxd2 Rxd2 35. Re4 Rxf2 36. Rd4 Be7 37. Re4 b3 38. Kc1 Bf6 0-1

[Event "III Weekend"]
[Site "Morrovalle ITA"]
[Date "2013.08.16"]
[Round "1"]
[White "Bellagamba, Luciano"]
[Black "Rinaudo, Andrea"]
[WhiteElo "1692"]
[BlackElo "2070"]
[Result "0-1"]
[PlyCount "90"]
[EventDate "2013.08.16"]

1. d4 d5 2. Nf3 Nf6 3. Bf4 g6 4. e3 Bg7 5. h3 O-O 6. Be2 c5 7. c3 Nc6 8. Nbd2
Nd7 9. O-O e5 10. dxe5 Ndxe5 11. Nxe5 Nxe5 12. Nf3 Re8 13. Nxe5 Bxe5 14. Bxe5
Rxe5 15. Bf3 Be6 16. Re1 Qb6 17. Qb3 Qc7 18. Qa4 c4 19. b3 a6 20. bxc4 dxc4 21.
Rab1 Bd5 22. Bxd5 Rxd5 23. Red1 Rad8 24. Rxd5 Rxd5 25. Rd1 b5 26. Qc2 Qd6 27.
Rd4 Rxd4 28. exd4 b4 29. cxb4 Qxd4 30. Kf1 Kf8 31. Ke2 Ke7 32. Qd2 Qh4 33. Qc3
Kd6 34. g3 Qe4+ 35. Qe3 Kd5 36. f3 Qc2+ 37. Qd2+ Qxd2+ 38. Kxd2 Kd4 39. a4 f6
40. b5 axb5 41. axb5 Kc5 42. b6 Kxb6 43. Kc3 Kc5 44. f4 Kd5 45. Kd2 Kd4 0-1

[Event "III Weekend"]
[Site "Morrovalle ITA"]
[Date "2013.08.16"]
[Round "1"]
[White "Giacometti, Carlo"]
[Black "Marinucci, Johnny"]
[WhiteElo "2068"]
[BlackElo "1691"]
[Result "1-0"]
[PlyCount "57"]
[EventDate "2013.08.16"]

1. b4 Nf6 2. Bb2 d5 3. Nf3 Bf5 4. e3 e6 5. c4 Be7 6. c5 O-O 7. Bxf6 Bxf6 8. d4
Nd7 9. Nc3 c6 10. Bd3 Bxd3 11. Qxd3 a5 12. b5 e5 13. Nxe5 Nxe5 14. dxe5 Bxe5
15. Rc1 d4 16. exd4 Bxd4 17. Ne4 Re8 18. O-O Bb2 19. Qxd8 Raxd8 20. Rcd1 cxb5
21. Nd6 Rf8 22. Rb1 Be5 23. Nxb7 Rb8 24. Rxb5 Rfc8 25. g3 a4 26. Rbb1 Rc7 27.
c6 Bf6 28. Nd6 Rd8 29. Rb7 1-0

[Event "III Weekend"]
[Site "Morrovalle ITA"]
[Date "2013.08.16"]
[Round "1"]
[White "Lattanzio, Savino"]
[Black "Ragnini, Damiano"]
[WhiteElo "2076"]
[BlackElo "1697"]
[Result "1-0"]
[PlyCount "39"]
[EventDate "2013.08.16"]

1. e4 c5 2. c3 Nc6 3. d4 cxd4 4. cxd4 e6 5. d5 exd5 6. exd5 Bb4+ 7. Nc3 Nce7 8.
Qd4 Bxc3+ 9. bxc3 Nf6 10. d6 Ng6 11. Qe3+ Kf8 12. Nf3 Qe8 13. Bd3 Qxe3+ 14.
fxe3 b6 15. O-O Bb7 16. e4 Re8 17. Bb2 Nxe4 18. Bxe4 Rxe4 19. Ng5 Rg4 20. Nxf7
1-0

[Event "III Weekend"]
[Site "Morrovalle ITA"]
[Date "2013.08.16"]
[Round "1"]
[White "Norscini, Stefano"]
[Black "Campini, Marco"]
[WhiteElo "1700"]
[BlackElo "2086"]
[Result "1-0"]
[PlyCount "111"]
[EventDate "2013.08.16"]

1. d4 d5 2. c4 e6 3. Nc3 Be7 4. cxd5 exd5 5. Nf3 Nf6 6. Bg5 O-O 7. e3 b6 8. Bd3
Bb7 9. O-O Nbd7 10. Rc1 c5 11. dxc5 bxc5 12. Qe2 Ne4 13. Bxe7 Qxe7 14. Bxe4
dxe4 15. Nd2 f5 16. Qc4+ Rf7 17. a3 Ne5 18. Qa2 Rd8 19. Nc4 Nd3 20. Rc2 Kh8 21.
Na5 Ba8 22. Nc4 Rf6 23. Ne2 Rh6 24. Ng3 Qh4 25. h3 Qf6 26. Qa1 Bd5 27. b3 Qe6
28. Qc3 Rc8 29. Nd6 Qxd6 30. Nxf5 Qf6 31. Nxh6 Qxh6 32. b4 Qe6 33. bxc5 Bb3 34.
Rd2 Rxc5 35. Qd4 Rg5 36. Qd8+ Qg8 37. Qxg5 h6 38. Qe7 Qc4 39. Rb1 a6 40. Qb7
Ba4 41. Qb8+ Kh7 42. Qd6 Qc3 43. Qd4 Qc6 44. Rb6 Qc1+ 45. Kh2 Bc6 46. Rxd3 exd3
47. Qxd3+ Kg8 48. Rb8+ Kf7 49. Qf5+ Ke7 50. Qe5+ Kd7 51. Qxg7+ Kd6 52. Qf6+ Kd5
53. Qd4+ Ke6 54. Rb6 Qc2 55. Rxa6 Ke7 56. Qb6 1-0

[Event "III Weekend"]
[Site "Morrovalle ITA"]
[Date "2013.08.16"]
[Round "1"]
[White "Rinaudo, Sergio"]
[Black "Balzan, Marco"]
[WhiteElo "2122"]
[BlackElo "1775"]
[Result "1-0"]
[PlyCount "71"]
[EventDate "2013.08.16"]

1. d4 Nf6 2. Nf3 e6 3. c4 Be7 4. Nc3 d5 5. Bf4 O-O 6. e3 c6 7. Qb3 dxc4 8. Bxc4
Nd5 9. Bg3 a6 10. O-O b5 11. Be2 Nd7 12. Rac1 Bb7 13. Ne4 N7f6 14. Nxf6+ Bxf6
15. Ne5 Rc8 16. Rc2 Bxe5 17. Bxe5 Qg5 18. Rc5 Qe7 19. Rfc1 Nb6 20. Bg3 Rfd8 21.
Bf3 Nd5 22. h3 h6 23. a3 Kf8 24. Qc2 Kg8 25. Qe4 Qd7 26. Be5 Qe7 27. Qg4 f5 28.
Qg3 Nf6 29. Bxf6 Qxf6 30. Bxc6 Bxc6 31. Rxc6 Qf8 32. Qe5 Qe8 33. Rc7 Rxc7 34.
Rxc7 Qg6 35. Rc6 Re8 36. Rxa6 1-0

[Event "III Weekend"]
[Site "Morrovalle ITA"]
[Date "2013.08.17"]
[Round "2"]
[White "Giobbi, Costantino"]
[Black "Lattanzio, Savino"]
[WhiteElo "1865"]
[BlackElo "2076"]
[Result "0-1"]
[PlyCount "89"]
[EventDate "2013.08.16"]

1. Nf3 Nf6 2. b3 b6 3. Bb2 Bb7 4. e3 e6 5. Be2 c5 6. O-O d5 7. d4 Bd6 8. c4 O-O
9. Nc3 Nbd7 10. Rc1 Rc8 11. cxd5 exd5 12. Nb5 Bb8 13. Bd3 a6 14. Na3 Ne4 15.
Qe2 b5 16. dxc5 Ndxc5 17. Bb1 b4 18. Nc2 a5 19. Nfd4 Ba6 20. Nb5 Qd7 21. Ncd4
Be5 22. Qh5 f5 23. f4 g6 24. Qd1 Bg7 25. a4 bxa3 26. Nxa3 Bxf1 27. Kxf1 Rb8 28.
Ba2 a4 29. b4 Rxb4 30. Ba1 Rfb8 31. Nc6 Nb3 32. Nxb8 Rxb8 33. Bxg7 Kxg7 34.
Bxb3 axb3 35. Qd4+ Kh6 36. Qe5 b2 37. Rb1 Nd2+ 38. Kf2 Nxb1 39. Qxb8 Nxa3 40.
Qxb2 Qe7 41. Qb6 Nc4 42. Qd4 Qe4 43. Qc3 Qb1 44. Kf3 Qb2 45. Qd4 0-1

[Event "III Weekend"]
[Site "Morrovalle ITA"]
[Date "2013.08.17"]
[Round "2"]
[White "Giordani, Roberto"]
[Black "Giacometti, Carlo"]
[WhiteElo "1810"]
[BlackElo "2068"]
[Result "1/2-1/2"]
[PlyCount "65"]
[EventDate "2013.08.16"]

1. e4 e6 2. d4 d5 3. exd5 exd5 4. Nf3 Bd6 5. Bd3 Ne7 6. Bg5 O-O 7. O-O h6 8.
Bh4 Bg4 9. Nbd2 c5 10. dxc5 Bxc5 11. c3 Nbc6 12. Qa4 Qd7 13. b4 Bxf3 14. Nxf3
Bd6 15. Rad1 Ne5 16. Qxd7 Nxd7 17. Rfe1 Nc6 18. Bb5 Nb6 19. a3 g5 20. Bg3 Bxg3
21. hxg3 a5 22. Bxc6 bxc6 23. Nd4 Nc4 24. Nxc6 Nxa3 25. bxa5 Nb5 26. Ne7+ Kg7
27. Rxd5 Nxc3 28. Rd3 Nb5 29. Ra1 Ra6 30. Rd5 Nc7 31. Rd7 Ne6 32. Kf1 Rfa8 33.
Nf5+ 1/2-1/2

[Event "III Weekend"]
[Site "Morrovalle ITA"]
[Date "2013.08.17"]
[Round "2"]
[White "Pelagatti, Alessandro"]
[Black "Capito', Mario"]
[WhiteElo "2192"]
[BlackElo "1879"]
[Result "1-0"]
[PlyCount "69"]
[EventDate "2013.08.16"]

1. d4 Nf6 2. c4 g6 3. Nc3 Bg7 4. e4 d6 5. Nge2 O-O 6. Ng3 c6 7. Be2 Na6 8. Bg5
h6 9. Be3 e5 10. d5 Kh8 11. h4 Nc7 12. h5 Ng8 13. hxg6 fxg6 14. Qd2 Qf6 15.
O-O-O cxd5 16. Nxd5 Nxd5 17. cxd5 Bd7 18. Kb1 Rfc8 19. Rc1 Qf8 20. Rxc8 Rxc8
21. Bxa7 Nf6 22. Be3 Kh7 23. Rc1 h5 24. f3 Rxc1+ 25. Qxc1 Bh6 26. Nf1 h4 27.
Bxh6 Qxh6 28. Kc2 g5 29. Qe3 Qg6 30. Qb6 Nxd5 31. Qxb7 Nf6 32. Bb5 Qf7 33. Ne3
Kg6 34. Bxd7 Nxd7 35. Qd5 1-0

[Event "III Weekend"]
[Site "Morrovalle ITA"]
[Date "2013.08.17"]
[Round "2"]
[White "Perogio, Lorenzo"]
[Black "Rinaudo, Sergio"]
[WhiteElo "1868"]
[BlackElo "2122"]
[Result "0-1"]
[PlyCount "86"]
[EventDate "2013.08.16"]

1. e4 e5 2. d4 exd4 3. Qxd4 Nc6 4. Qe3 Nf6 5. Nc3 Bb4 6. Bd2 O-O 7. O-O-O Re8
8. Bc4 d6 9. Nh3 Ne5 10. Bb3 a5 11. a3 Bc5 12. Qe2 Nc6 13. Ba2 h6 14. f3 Nd4
15. Qd3 Bd7 16. Be3 Ne6 17. g4 Bxe3+ 18. Qxe3 b5 19. g5 hxg5 20. Nxg5 b4 21.
Bxe6 Bxe6 22. Nxe6 Rxe6 23. Nd5 Nxd5 24. Rxd5 Re5 25. Rhd1 Qh4 26. R5d2 Rb5 27.
a4 Rc5 28. Rg1 Re8 29. Rdg2 g6 30. Qb3 Qf4+ 31. Kb1 Kf8 32. Qd3 Ree5 33. Rg3
Rh5 34. h3 Qh6 35. Qa6 Qd2 36. R3g2 Qe3 37. Qc8+ Ke7 38. Qg4 b3 39. c3 Qd3+ 40.
Ka1 Rc4 41. e5 Rxg4 42. exd6+ cxd6 43. hxg4 Rd5 0-1

[Event "III Weekend"]
[Site "Morrovalle ITA"]
[Date "2013.08.17"]
[Round "2"]
[White "Rinaudo, Andrea"]
[Black "Giri, Giovanni"]
[WhiteElo "2070"]
[BlackElo "1849"]
[Result "1-0"]
[PlyCount "101"]
[EventDate "2013.08.16"]

1. e4 e6 2. d4 d5 3. exd5 exd5 4. Bd3 Nc6 5. c3 Bd6 6. Nf3 Bg4 7. O-O Nge7 8.
h3 Bh5 9. Re1 Qd7 10. b4 f6 11. a4 O-O 12. Nbd2 Rae8 13. Qc2 Bg6 14. Nb3 Bxd3
15. Qxd3 Qf5 16. Qxf5 Nxf5 17. Bd2 Kf7 18. Kf1 Rxe1+ 19. Rxe1 Re8 20. Rxe8 Kxe8
21. Ke2 Ke7 22. g4 Nh6 23. Bxh6 gxh6 24. Nh4 Kf7 25. Nf5 Bf8 26. Nc5 Nd8 27.
Nd3 Ne6 28. h4 Kg6 29. Ke3 h5 30. Nf4+ Nxf4 31. Kxf4 hxg4 32. Kxg4 h5+ 33. Kf4
c6 34. a5 a6 35. Ne3 Bh6+ 36. Kf3 f5 37. Nd1 Bc1 38. Ke2 Bh6 39. Nb2 Bf4 40.
Nd3 Bd6 41. Kf3 Kf6 42. Nf4 Kf7 43. Nxh5 Kg6 44. Nf4+ Kf6 45. Nd3 Kg7 46. Nc5
Bxc5 47. bxc5 Kh6 48. Kf4 Kg6 49. h5+ Kf6 50. f3 Ke6 51. Kg5 1-0